Uvádzanie začínajúcich učiteľov do praxe ako súčasť jednotného systému ďaľšieho vzdelávania pedagogických pracovníkov

Podrobná bibliografia
Hlavný autor: Lapitka, Marián (Autor)
Médium: Článok
Jazyk:slovenčina
Predmet:

MARC

LEADER 00000nab a2200000 a 4500
001 vtls000101709
003 SK-MaSNL
005 20260304052914.0
008 250422c1981 xo 0 slo
015 |a SNBRB19rr/mm-uuuuu 
035 |a CL0111812 
035 |a urn:nbn:sk:snk-ab2re 
035 |a (urnnbn)urn:nbn:sk:snk:ar-0044em 
035 |a (uuid)d4cefa0d-eb84-4566-a94b-e7608e1d01ef 
040 |a SNKBUCL  |b slo  |c SNKBUCL  |e AACR2 
041 0 |a slo 
044 |a xo  |c SK 
080 |a 371.1  |2 1981 
100 1 |a Lapitka, Marián  |4 aut  |9 5993 
245 1 0 |a Uvádzanie začínajúcich učiteľov do praxe ako súčasť jednotného systému ďaľšieho vzdelávania pedagogických pracovníkov  |c Marián Lapitka 
300 |b Obr. 1.Res. rus., angl. 
650 0 7 |a učitelia  |2 snkbucl  |9 3995 
655 7 |a články z novín a časopisov  |2 snkbucl  |9 267496 
773 0 |t Jednotná škola  |g Roč. 33, č. 7 (1981), s. 628-643 
850 |a Slovenská národná knižnica 
852 |a Slovenská národná knižnica 
954 |a odborná, vedecká literatúra pôvodná (slovenská)  |2 lita 
958 |a article27 
958 |a OND 
958 |a RK 
958 |a EUIPO 
992 |a RBX 
999 |c 2710607  |d 2712537